[Event "Blitz Open"]
[Site "?"]
[Date "2018.08.03"]
[Round "4.4"]
[White "Xu, Xiangyu"]
[Black "Idani, Pouya"]
[Result "1/2-1/2"]
[BlackElo "2559"]
[WhiteElo "2448"]
[LiveChessVersion "1.4.8"]

1. d4 {[%clk 0:03:03]} d5 {[%clk 0:03:04]} 2. c4 {[%clk 0:03:04]} e6
{[%clk 0:03:05]} 3. Nc3 {[%clk 0:03:05]} a6 {[%clk 0:03:07]} 4. cxd5
{[%clk 0:03:02]} exd5 {[%clk 0:03:09]} 5. Bf4 {[%clk 0:03:03]} Nf6
{[%clk 0:03:10]} 6. e3 {[%clk 0:03:03]} Bd6 {[%clk 0:03:11]} 7. Bg5
{[%clk 0:03:04]} Be6 {[%clk 0:03:06]} 8. Bd3 {[%clk 0:03:05]} Nbd7
{[%clk 0:03:07]} 9. f4 {[%clk 0:03:06]} h6 {[%clk 0:03:05]} 10. Bh4
{[%clk 0:03:07]} g5 {[%clk 0:02:36]} 11. fxg5 Ng4 {[%clk 0:02:38]} 12. Nf3
{[%clk 0:03:09]} Be7 {[%clk 0:02:22]} 13. Qe2 {[%clk 0:02:41]} hxg5
{[%clk 0:02:22]} 14. Bg3 {[%clk 0:02:42]} c6 {[%clk 0:02:16]} 15. e4
{[%clk 0:02:42]} dxe4 {[%clk 0:02:16]} 16. Bxe4 {[%clk 0:02:43]} Qa5
{[%clk 0:02:10]} 17. Nd2 {[%clk 0:02:28]} Ndf6 {[%clk 0:02:01]} 18. Bf3
{[%clk 0:02:23]} O-O-O {[%clk 0:01:29]} 19. d5 {[%clk 0:02:24]} cxd5
{[%clk 0:01:25]} 20. Rc1 {[%clk 0:02:22]} Kd7 {[%clk 0:01:22]} 21. Nb3
{[%clk 0:01:18]} Qb6 {[%clk 0:01:24]} 22. h3 {[%clk 0:01:11]} Qe3
{[%clk 0:01:18]} 23. Rf1 {[%clk 0:00:56]} Qxe2+ {[%clk 0:01:13]} 24. Kxe2
{[%clk 0:00:57]} Nh6 {[%clk 0:01:14]} 25. Be5 {[%clk 0:00:56]} Ke8
{[%clk 0:01:05]} 26. Nd4 {[%clk 0:00:57]} Rg8 {[%clk 0:01:00]} 27. g4
{[%clk 0:00:50]} Nd7 {[%clk 0:00:54]} 28. Bc7 {[%clk 0:00:51]} Rc8
{[%clk 0:00:55]} 29. Nxd5 {[%clk 0:00:51]} Bc5 {[%clk 0:00:47]} 30. Bd6
{[%clk 0:00:40]} Bxd5 {[%clk 0:00:38]} 31. Bxd5 Rg6 32. Bg3 {[%clk 0:00:27]} Rd8
{[%clk 0:00:17]} 33. Nf5 {[%clk 0:00:29]} Nxf5 {[%clk 0:00:07]} 34. Rxf5
{[%clk 0:00:29]} Rf6 35. Rxg5 {[%clk 0:00:25]} Bd6 {[%clk 0:00:07]} 36. Bxd6 Rxd6
{[%clk 0:00:08]} 37. Bxb7 {[%clk 0:00:19]} Rb6 {[%clk 0:00:10]} 38. Bd5
{[%clk 0:00:18]} Rxb2+ {[%clk 0:00:11]} 39. Kf3 {[%clk 0:00:19]} Nf6
{[%clk 0:00:11]} 40. Bc4 {[%clk 0:00:18]} Rdd2 {[%clk 0:00:10]} 41. Rf5
{[%clk 0:00:17]} Rf2+ {[%clk 0:00:11]} 42. Ke3 {[%clk 0:00:18]} Rxf5
{[%clk 0:00:12]} 43. gxf5 {[%clk 0:00:19]} Rh2 {[%clk 0:00:13]} 44. Kd4
{[%clk 0:00:19]} a5 {[%clk 0:00:13]} 45. Rc3 {[%clk 0:00:20]} Ke7
{[%clk 0:00:12]} 46. Re3+ {[%clk 0:00:21]} Kf8 {[%clk 0:00:12]} 47. Kc5
{[%clk 0:00:22]} Rb2 {[%clk 0:00:09]} 48. a3 {[%clk 0:00:14]} Rf2
{[%clk 0:00:10]} 49. Bd3 {[%clk 0:00:07]} Rb2 {[%clk 0:00:11]} 50. Kd4
{[%clk 0:00:06]} Rb3 {[%clk 0:00:12]} 51. Bc4 {[%clk 0:00:07]} Rb2
{[%clk 0:00:13]} 52. Re5 {[%clk 0:00:08]} a4 {[%clk 0:00:10]} 53. Ra5
{[%clk 0:00:09]} Rh2 {[%clk 0:00:11]} 54. Rxa4 {[%clk 0:00:10]} Rxh3
{[%clk 0:00:12]} 55. Ra8+ {[%clk 0:00:11]} Kg7 {[%clk 0:00:13]} 56. Ra7
{[%clk 0:00:12]} Kh6 {[%clk 0:00:15]} 57. Rxf7 {[%clk 0:00:12]} Kg5
{[%clk 0:00:16]} 58. a4 {[%clk 0:00:11]} Ra3 {[%clk 0:00:15]} 59. Bb5
{[%clk 0:00:12]} Kxf5 {[%clk 0:00:15]} 60. Re7 {[%clk 0:00:13]} Ra1
{[%clk 0:00:14]} 61. Kc5 {[%clk 0:00:14]} Ne4+ {[%clk 0:00:15]} 62. Kb6
{[%clk 0:00:15]} Nc3 {[%clk 0:00:15]} 63. Ka5 {[%clk 0:00:08]} Nxa4
{[%clk 0:00:14]} 64. Bxa4 {[%clk 0:00:10]} Kf6 {[%clk 0:00:16]} 65. Re3
{[%clk 0:00:11]} Rb1 {[%clk 0:00:16]} 66. Bb3 {[%clk 0:00:12]} Rc1
{[%clk 0:00:17]} 67. Kb4 {[%clk 0:00:13]} Rc7 {[%clk 0:00:18]} 68. Bc4
{[%clk 0:00:14]} Re7 {[%clk 0:00:19]} 69. Rf3+ {[%clk 0:00:16]} Ke5
{[%clk 0:00:21]} 70. Kc3 {[%clk 0:00:17]} Rc7 {[%clk 0:00:22]} 71. Rf1
{[%clk 0:00:19]} Rc8 {[%clk 0:00:22]} 72. Re1+ {[%clk 0:00:20]} Kd6
{[%clk 0:00:22]} 73. Kd4 {[%clk 0:00:21]} Rh8 {[%clk 0:00:23]} 74. Re6+
{[%clk 0:00:23]} Kd7 {[%clk 0:00:24]} 75. Ra6 {[%clk 0:00:24]} Rh5
{[%clk 0:00:25]} 76. Bd5 {[%clk 0:00:25]} Rh2 {[%clk 0:00:25]} 77. Ke5
{[%clk 0:00:26]} Re2+ {[%clk 0:00:26]} 78. Be4 {[%clk 0:00:27]} Ke8
{[%clk 0:00:28]} 79. Ra7 {[%clk 0:00:28]} Re1 {[%clk 0:00:29]} 80. Kf5
{[%clk 0:00:30]} Kd8 {[%clk 0:00:30]} 81. Bf3 {[%clk 0:00:31]} Re7
{[%clk 0:00:31]} 82. Ra8+ {[%clk 0:00:32]} Kd7 {[%clk 0:00:32]} 83. Be4
{[%clk 0:00:28]} Kd6 {[%clk 0:00:33]} 84. Kf4 {[%clk 0:00:30]} Rf7+
{[%clk 0:00:34]} 85. Ke3 {[%clk 0:00:31]} Rf1 {[%clk 0:00:35]} 86. Ra6+
{[%clk 0:00:32]} Ke7 {[%clk 0:00:36]} 87. Kd4 {[%clk 0:00:33]} Rd1+
{[%clk 0:00:37]} 88. Ke5 {[%clk 0:00:34]} Re1 {[%clk 0:00:38]} 89. Ra4
{[%clk 0:00:36]} Re2 {[%clk 0:00:39]} 90. Ra1 {[%clk 0:00:36]} Re3
{[%clk 0:00:40]} 91. Ra2 {[%clk 0:00:37]} Re1 {[%clk 0:00:41]} 92. Rh2
{[%clk 0:00:39]} Re3 {[%clk 0:00:42]} 93. Rh7+ {[%clk 0:00:39]} Ke8
{[%clk 0:00:44]} 94. Kd4 {[%clk 0:00:39]} Re1 {[%clk 0:00:45]} 95. Bd5
{[%clk 0:00:40]} Re2 {[%clk 0:00:44]} 96. Kc5 {[%clk 0:00:41]} Re7
{[%clk 0:00:33]} 97. Rh8+ Kd7 98. Bc6+ {[%clk 0:00:43]} Kc7 {[%clk 0:00:35]} 99.
Ra8 {[%clk 0:00:44]} Re5+ {[%clk 0:00:37]} 100. Bd5 {[%clk 0:00:45]} Re7
{[%clk 0:00:38]} 101. Ra6 {[%clk 0:00:47]} Kd7 {[%clk 0:00:39]} 102. Bc6+
{[%clk 0:00:48]} Kc7 {[%clk 0:00:40]} 103. Kd5 {[%clk 0:00:46]} Re1
{[%clk 0:00:36]} 104. Ra7+ {[%clk 0:00:48]} Kb6 {[%clk 0:00:33]} 105. Rb7+
{[%clk 0:00:49]} Ka6 {[%clk 0:00:34]} 106. Rb3 {[%clk 0:00:50]} Rc1
{[%clk 0:00:33]} 107. Rb4 {[%clk 0:00:51]} Rd1+ {[%clk 0:00:30]} 108. Kc5
{[%clk 0:00:52]} Rc1+ {[%clk 0:00:31]} 109. Kd6 {[%clk 0:00:53]} Rg1
{[%clk 0:00:22]} 110. Kc7 {[%clk 0:00:54]} Rg7+ {[%clk 0:00:19]} 111. Bd7 Rg5
112. Ra4+ {[%clk 0:00:51]} Ra5 {[%clk 0:00:21]} 113. Rh4 {[%clk 0:00:52]} Rg5
{[%clk 0:00:21]} 114. Rf4 {[%clk 0:00:52]} Re5 {[%clk 0:00:22]} 115. Kd6
{[%clk 0:00:48]} Rh5 {[%clk 0:00:21]} 116. Kc6 {[%clk 0:00:49]} Rh6+
{[%clk 0:00:22]} 117. Kc7 {[%clk 0:00:50]} Rh5 {[%clk 0:00:23]} 118. Re4
{[%clk 0:00:48]} Rg5 {[%clk 0:00:25]} 119. Be8 {[%clk 0:00:49]} Rf5
{[%clk 0:00:21]} 120. Rc4 {[%clk 0:00:45]} Re5 {[%clk 0:00:21]} 121. Bd7
{[%clk 0:00:46]} Rh5 {[%clk 0:00:22]} 122. Rb4 {[%clk 0:00:47]} Rg5
{[%clk 0:00:24]} 123. Kc6 {[%clk 0:00:41]} Rg6+ {[%clk 0:00:25]} 124. Kc5
{[%clk 0:00:42]} Rg5+ {[%clk 0:00:26]} 125. Kc4 {[%clk 0:00:42]} Rg7
{[%clk 0:00:23]} 126. Bc8+ {[%clk 0:00:43]} Ka7 {[%clk 0:00:24]} 127. Kb5
{[%clk 0:00:40]} Rc7 {[%clk 0:00:20]} 128. Ra4+ {[%clk 0:00:41]} Kb8
{[%clk 0:00:22]} 129. Be6 {[%clk 0:00:42]} Rb7+ {[%clk 0:00:20]} 130. Kc6
{[%clk 0:00:43]} Rc7+ {[%clk 0:00:21]} 131. Kd6 {[%clk 0:00:45]} Ra7
{[%clk 0:00:21]} 132. Rb4+ {[%clk 0:00:46]} Rb7 {[%clk 0:00:23]} 133. Rh4
{[%clk 0:00:47]} Rb6+ {[%clk 0:00:24]} 134. Kd7 {[%clk 0:00:48]} Rb7+
{[%clk 0:00:22]} 135. Kc6 Rc7+ 136. Kd6 {[%clk 0:00:51]} Rg7 {[%clk 0:00:16]}
137. Kc6 {[%clk 0:00:48]} Rc7+ {[%clk 0:00:17]} 138. Kd5 {[%clk 0:00:48]} Ka7
{[%clk 0:00:17]} 139. Kd6 {[%clk 0:00:48]} Rc1 {[%clk 0:00:16]} 140. Bc4 Kb6
{[%clk 0:00:16]} 141. Bd5 {[%clk 0:00:49]} Rb1 {[%clk 0:00:15]} 142. Rh7
{[%clk 0:00:50]} Rb4 1/2-1/2

[Event "Blitz Open"]
[Site "?"]
[Date "2018.08.03"]
[Round "4.5"]
[White "Nguyen, Ngoc Truong Son"]
[Black "Sasikiran, Krishnan"]
[Result "1-0"]
[BlackElo "2608"]
[WhiteElo "2630"]
[LiveChessVersion "1.4.8"]

1. d4 {[%clk 0:03:00]} Nf6 {[%clk 0:03:03]} 2. Nf3 {[%clk 0:03:00]} e6
{[%clk 0:03:03]} 3. c4 {[%clk 0:03:00]} d5 {[%clk 0:03:02]} 4. Nc3
{[%clk 0:03:01]} c6 {[%clk 0:03:01]} 5. e3 {[%clk 0:02:56]} Nbd7 {[%clk 0:03:00]}
6. Qc2 {[%clk 0:02:54]} Bd6 {[%clk 0:02:59]} 7. Be2 {[%clk 0:02:52]} O-O
{[%clk 0:02:56]} 8. O-O {[%clk 0:02:52]} dxc4 {[%clk 0:02:51]} 9. Bxc4
{[%clk 0:02:52]} b5 {[%clk 0:02:52]} 10. Be2 {[%clk 0:02:50]} Bb7
{[%clk 0:02:51]} 11. e4 {[%clk 0:02:43]} e5 {[%clk 0:02:52]} 12. dxe5
{[%clk 0:02:43]} Nxe5 {[%clk 0:02:52]} 13. Nd4 {[%clk 0:02:43]} Neg4
{[%clk 0:02:26]} 14. g3 {[%clk 0:02:42]} Bxg3 {[%clk 0:02:23]} 15. hxg3
{[%clk 0:02:42]} Qxd4 {[%clk 0:02:24]} 16. Qd1 {[%clk 0:02:40]} Qxd1
{[%clk 0:02:21]} 17. Rxd1 {[%clk 0:02:40]} Rfe8 {[%clk 0:01:57]} 18. f3
{[%clk 0:02:38]} Ne5 {[%clk 0:01:57]} 19. Be3 {[%clk 0:02:31]} a5
{[%clk 0:01:48]} 20. b3 {[%clk 0:02:29]} h6 {[%clk 0:01:39]} 21. Rd6
{[%clk 0:02:28]} b4 {[%clk 0:01:33]} 22. Na4 {[%clk 0:02:27]} Ba6
{[%clk 0:01:34]} 23. Bxa6 {[%clk 0:02:15]} Rxa6 {[%clk 0:01:32]} 24. Kg2
{[%clk 0:02:12]} Raa8 {[%clk 0:01:12]} 25. Rad1 {[%clk 0:02:13]} Re7
{[%clk 0:01:01]} 26. Nb6 {[%clk 0:01:33]} Rae8 {[%clk 0:00:59]} 27. Rd8
{[%clk 0:01:11]} Kh7 {[%clk 0:00:53]} 28. Bc5 {[%clk 0:01:08]} Re6
{[%clk 0:00:48]} 29. Rxe8 {[%clk 0:00:46]} Rxe8 {[%clk 0:00:46]} 30. Rd6
{[%clk 0:00:45]} Re6 {[%clk 0:00:45]} 31. Rxe6 {[%clk 0:00:27]} fxe6
{[%clk 0:00:46]} 32. Bd6 {[%clk 0:00:14]} Nfd7 {[%clk 0:00:33]} 33. Na4
{[%clk 0:00:12]} Nd3 {[%clk 0:00:31]} 34. Bc7 {[%clk 0:00:08]} Nc1
{[%clk 0:00:32]} 35. Bxa5 {[%clk 0:00:08]} Nxa2 {[%clk 0:00:33]} 36. Bc7
{[%clk 0:00:04]} Nc1 {[%clk 0:00:32]} 37. Bd6 {[%clk 0:00:04]} Nxb3
{[%clk 0:00:30]} 38. Bxb4 {[%clk 0:00:05]} c5 {[%clk 0:00:30]} 39. Bc3
{[%clk 0:00:06]} e5 {[%clk 0:00:26]} 40. Nb2 {[%clk 0:00:06]} Kg6
{[%clk 0:00:21]} 41. Nc4 {[%clk 0:00:06]} Nd4 {[%clk 0:00:21]} 42. f4
{[%clk 0:00:06]} Kf6 {[%clk 0:00:16]} 43. Kf2 {[%clk 0:00:04]} Ke6
{[%clk 0:00:15]} 44. Ke3 {[%clk 0:00:03]} g6 {[%clk 0:00:15]} 45. Bb2
{[%clk 0:00:03]} Nc6 {[%clk 0:00:14]} 46. Bc3 {[%clk 0:00:04]} h5
{[%clk 0:00:13]} 47. Be1 {[%clk 0:00:05]} Nf6 {[%clk 0:00:12]} 48. Bc3
{[%clk 0:00:05]} Ng4+ {[%clk 0:00:13]} 49. Kf3 {[%clk 0:00:06]} Nd4+
{[%clk 0:00:14]} 50. Kg2 {[%clk 0:00:07]} Kf6 {[%clk 0:00:10]} 51. Bd2
{[%clk 0:00:06]} Ke6 {[%clk 0:00:09]} 52. Bc3 {[%clk 0:00:08]} Nf6
{[%clk 0:00:08]} 53. Nd2 {[%clk 0:00:07]} exf4 54. gxf4 {[%clk 0:00:08]} Nb5
{[%clk 0:00:07]} 55. Ba1 {[%clk 0:00:05]} Nd4 {[%clk 0:00:07]} 56. Bxd4
{[%clk 0:00:03]} cxd4 {[%clk 0:00:08]} 57. Kf3 {[%clk 0:00:04]} h4
{[%clk 0:00:04]} 58. e5 {[%clk 0:00:05]} Nh5 {[%clk 0:00:03]} 59. Kg4
{[%clk 0:00:05]} d3 60. Nf3 Kd5 {[%clk 0:03:02]} 1-0

[Event "Blitz Open"]
[Site "?"]
[Date "2018.08.03"]
[Round "4.6"]
[White "Gupta, Abhijeet"]
[Black "Tran, Tuan Minh"]
[Result "0-1"]
[BlackElo "2484"]
[WhiteElo "2560"]
[LiveChessVersion "1.4.8"]

1. Nf3 {[%clk 0:03:03]} Nf6 {[%clk 0:03:04]} 2. c4 {[%clk 0:03:04]} b6
{[%clk 0:03:05]} 3. Nc3 {[%clk 0:03:03]} Bb7 {[%clk 0:03:06]} 4. d4
{[%clk 0:03:05]} e6 {[%clk 0:03:07]} 5. a3 {[%clk 0:03:06]} d5 {[%clk 0:03:06]}
6. cxd5 Nxd5 {[%clk 0:03:07]} 7. Qc2 {[%clk 0:03:08]} Nxc3 {[%clk 0:03:00]} 8.
bxc3 {[%clk 0:03:09]} Be7 {[%clk 0:03:01]} 9. e4 {[%clk 0:03:09]} Nd7
{[%clk 0:02:56]} 10. Bd3 {[%clk 0:03:10]} c5 {[%clk 0:02:53]} 11. O-O
{[%clk 0:03:05]} cxd4 {[%clk 0:02:53]} 12. cxd4 {[%clk 0:03:06]} O-O
{[%clk 0:02:51]} 13. Bb2 {[%clk 0:02:53]} Rc8 {[%clk 0:02:51]} 14. Qe2
{[%clk 0:02:53]} Nf6 {[%clk 0:02:47]} 15. Rad1 {[%clk 0:02:49]} Qd7
{[%clk 0:02:45]} 16. d5 {[%clk 0:02:27]} exd5 {[%clk 0:02:36]} 17. e5
{[%clk 0:02:28]} Nh5 {[%clk 0:02:20]} 18. Qd2 {[%clk 0:02:04]} d4
{[%clk 0:01:53]} 19. Nxd4 {[%clk 0:01:56]} Bc5 {[%clk 0:01:19]} 20. Bf5
{[%clk 0:01:24]} Qd5 {[%clk 0:01:19]} 21. Nf3 {[%clk 0:01:25]} Qxd2
{[%clk 0:01:06]} 22. Rxd2 {[%clk 0:01:24]} Rcd8 {[%clk 0:00:53]} 23. Rfd1
{[%clk 0:01:25]} Rxd2 {[%clk 0:00:51]} 24. Rxd2 {[%clk 0:01:26]} Nf4
{[%clk 0:00:38]} 25. Ng5 {[%clk 0:01:20]} Nxg2 {[%clk 0:00:14]} 26. e6
{[%clk 0:00:37]} Nh4 {[%clk 0:00:15]} 27. exf7+ {[%clk 0:00:37]} Kh8
{[%clk 0:00:10]} 28. Bg4 {[%clk 0:00:18]} h6 {[%clk 0:00:06]} 29. Ne6
{[%clk 0:00:16]} Rxf7 {[%clk 0:00:08]} 30. Nd8 {[%clk 0:00:13]} Re7
{[%clk 0:00:08]} 31. h3 {[%clk 0:00:06]} Nf3+ {[%clk 0:00:06]} 32. Bxf3
{[%clk 0:00:05]} Bxf3 {[%clk 0:00:07]} 33. Kh2 {[%clk 0:00:06]} Bh5
{[%clk 0:00:04]} 34. Kg3 {[%clk 0:00:06]} Be8 {[%clk 0:00:05]} 35. h4
{[%clk 0:00:06]} Kg8 {[%clk 0:00:07]} 36. Bc3 {[%clk 0:00:03]} b5
{[%clk 0:00:08]} 37. Bb4 {[%clk 0:00:04]} Bxb4 {[%clk 0:00:08]} 38. axb4
{[%clk 0:00:05]} Re4 {[%clk 0:00:09]} 39. Rc2 {[%clk 0:00:05]} Rc4
{[%clk 0:00:06]} 40. Ra2 {[%clk 0:00:06]} Rc7 {[%clk 0:00:04]} 41. Ne6
{[%clk 0:00:07]} Re7 {[%clk 0:00:04]} 42. Nc5 {[%clk 0:00:08]} Rc7
{[%clk 0:00:04]} 43. Rd2 {[%clk 0:00:08]} Bf7 {[%clk 0:00:05]} 44. Rd8+
{[%clk 0:00:09]} Kh7 {[%clk 0:00:06]} 45. Ra8 {[%clk 0:00:09]} Bd5
{[%clk 0:00:07]} 46. Rd8 {[%clk 0:00:10]} Bc4 {[%clk 0:00:09]} 47. Rd4
{[%clk 0:00:10]} a5 {[%clk 0:00:10]} 48. Na6 {[%clk 0:00:09]} Ra7
{[%clk 0:00:11]} 49. Nc5 {[%clk 0:00:10]} a4 {[%clk 0:00:07]} 50. Rd8
{[%clk 0:00:08]} a3 {[%clk 0:00:09]} 51. Nd7 {[%clk 0:00:09]} a2 {[%clk 0:00:07]}
52. h5 {[%clk 0:00:08]} Rxd7 {[%clk 0:00:07]} 0-1

[Event "Blitz Open"]
[Site "?"]
[Date "2018.08.03"]
[Round "4.7"]
[White "Nguyen, Anh Khoi"]
[Black "Ganguly, Surya Shekhar"]
[Result "0-1"]
[BlackElo "2565"]
[WhiteElo "2174"]
[LiveChessVersion "1.4.8"]

1. d4 {[%clk 0:03:03]} e6 {[%clk 0:03:03]} 2. c4 {[%clk 0:03:04]} b6
{[%clk 0:03:04]} 3. e4 {[%clk 0:03:04]} Bb7 {[%clk 0:03:05]} 4. Bd3
{[%clk 0:03:05]} Bb4+ {[%clk 0:03:06]} 5. Bd2 {[%clk 0:03:03]} Bxd2+
{[%clk 0:03:06]} 6. Nxd2 {[%clk 0:03:03]} Qf6 {[%clk 0:03:06]} 7. Ne2
{[%clk 0:02:51]} Nc6 {[%clk 0:03:07]} 8. e5 {[%clk 0:02:49]} Qh4 {[%clk 0:02:38]}
9. g3 {[%clk 0:01:59]} Qh3 {[%clk 0:02:15]} 10. Be4 {[%clk 0:01:52]} f5
{[%clk 0:02:12]} 11. Nf4 {[%clk 0:01:42]} Qh6 {[%clk 0:02:11]} 12. Bg2
{[%clk 0:01:40]} O-O-O {[%clk 0:02:04]} 13. Ne2 {[%clk 0:01:24]} Nge7
{[%clk 0:01:34]} 14. O-O {[%clk 0:01:06]} g5 {[%clk 0:01:36]} 15. a3
{[%clk 0:00:50]} f4 {[%clk 0:01:31]} 16. b4 {[%clk 0:00:42]} Nf5 {[%clk 0:01:28]}
17. Ne4 {[%clk 0:00:38]} fxg3 {[%clk 0:00:57]} 18. hxg3 {[%clk 0:00:33]} Qg7
{[%clk 0:00:58]} 19. c5 {[%clk 0:00:20]} h5 {[%clk 0:00:50]} 20. Nf6
{[%clk 0:00:15]} h4 {[%clk 0:00:44]} 21. g4 {[%clk 0:00:16]} h3 {[%clk 0:00:45]}
22. Be4 {[%clk 0:00:16]} Nfxd4 {[%clk 0:00:16]} 23. Nxd4 {[%clk 0:00:16]} Nxe5
{[%clk 0:00:17]} 24. Bxb7+ Kxb7 {[%clk 0:00:18]} 25. Ne4 {[%clk 0:00:13]} Rdf8
{[%clk 0:00:11]} 26. f3 {[%clk 0:00:09]} Rf4 {[%clk 0:00:10]} 27. Kh1
{[%clk 0:00:07]} Nxg4 {[%clk 0:00:09]} 28. cxb6 {[%clk 0:00:06]} Ne3
{[%clk 0:00:07]} 29. Qa4 {[%clk 0:00:07]} axb6 {[%clk 0:00:08]} 30. Nb5
{[%clk 0:00:05]} Ra8 {[%clk 0:00:09]} 31. Nbd6+ {[%clk 0:00:05]} cxd6
{[%clk 0:00:09]} 32. Nxd6+ {[%clk 0:00:06]} Kb8 {[%clk 0:00:10]} 33. Qb5
{[%clk 0:00:08]} Nd5 {[%clk 0:00:06]} 34. Rac1 {[%clk 0:00:09]} Rf8
{[%clk 0:00:06]} 35. Rfd1 {[%clk 0:00:07]} Qb2 {[%clk 0:00:07]} 36. Qxd7
{[%clk 0:00:06]} Qg2# {[%clk 0:00:08]} 0-1

[Event "Blitz Open"]
[Site "?"]
[Date "2018.08.03"]
[Round "4.8"]
[White "Sethuraman, S.P."]
[Black "Nguyen, Duc Hoa"]
[Result "0-1"]
[BlackElo "2424"]
[WhiteElo "2489"]
[LiveChessVersion "1.4.8"]

1. e4 {[%clk 0:03:03]} c5 {[%clk 0:03:03]} 2. Nc3 {[%clk 0:03:04]} Nc6
{[%clk 0:03:03]} 3. Nf3 {[%clk 0:03:05]} e6 {[%clk 0:03:02]} 4. d4
{[%clk 0:03:06]} cxd4 {[%clk 0:03:03]} 5. Nxd4 {[%clk 0:03:07]} Qc7
{[%clk 0:03:04]} 6. Be3 {[%clk 0:03:07]} a6 {[%clk 0:03:05]} 7. Qf3
{[%clk 0:03:08]} Ne5 {[%clk 0:03:04]} 8. Qg3 {[%clk 0:03:09]} h5 {[%clk 0:03:05]}
9. f4 {[%clk 0:03:08]} h4 {[%clk 0:03:05]} 10. Qh3 {[%clk 0:03:09]} Nc4
{[%clk 0:03:05]} 11. Bxc4 {[%clk 0:03:09]} Qxc4 {[%clk 0:03:05]} 12. O-O-O
{[%clk 0:03:10]} b5 {[%clk 0:03:06]} 13. Kb1 {[%clk 0:03:11]} Bb7
{[%clk 0:03:06]} 14. Rhe1 {[%clk 0:03:10]} Nf6 {[%clk 0:03:03]} 15. Bc1
{[%clk 0:03:10]} b4 {[%clk 0:02:53]} 16. Na4 {[%clk 0:03:09]} Qc7
{[%clk 0:02:34]} 17. e5 {[%clk 0:02:55]} Nd5 {[%clk 0:02:14]} 18. g4
{[%clk 0:02:48]} Rc8 {[%clk 0:02:07]} 19. Qd3 {[%clk 0:02:42]} h3
{[%clk 0:01:58]} 20. b3 {[%clk 0:02:05]} Rh4 {[%clk 0:01:49]} 21. Qg3
{[%clk 0:02:06]} Be7 {[%clk 0:01:45]} 22. f5 {[%clk 0:02:05]} Rh8
{[%clk 0:01:35]} 23. g5 {[%clk 0:02:04]} exf5 24. g6 Bh4 {[%clk 0:01:19]} 25.
gxf7+ {[%clk 0:01:57]} Kxf7 {[%clk 0:01:20]} 26. Qd3 {[%clk 0:01:52]} g6
{[%clk 0:01:10]} 27. Rf1 {[%clk 0:01:30]} Ne7 {[%clk 0:01:02]} 28. Bb2
{[%clk 0:00:52]} Rh5 {[%clk 0:00:58]} 29. Qe2 {[%clk 0:00:51]} Bd5
{[%clk 0:00:41]} 30. Rd3 {[%clk 0:00:45]} Rg5 {[%clk 0:00:38]} 31. Rxh3
{[%clk 0:00:43]} Rg2 {[%clk 0:00:39]} 32. Qd1 {[%clk 0:00:40]} Bg5
{[%clk 0:00:32]} 33. Rg3 {[%clk 0:00:27]} Rxg3 34. hxg3 {[%clk 0:00:28]} Be4
{[%clk 0:00:31]} 35. g4 {[%clk 0:00:28]} Be3 {[%clk 0:00:29]} 36. Ka1
{[%clk 0:00:23]} Bxd4 {[%clk 0:00:30]} 37. Qxd4 {[%clk 0:00:24]} Ke6
{[%clk 0:00:11]} 38. gxf5+ {[%clk 0:00:25]} gxf5 {[%clk 0:00:11]} 39. Qxb4
{[%clk 0:00:16]} Nd5 {[%clk 0:00:07]} 40. Qd2 {[%clk 0:00:17]} Rh8
{[%clk 0:00:05]} 41. c4 {[%clk 0:00:18]} Ne7 {[%clk 0:00:05]} 42. Qd4
{[%clk 0:00:17]} Rh2 {[%clk 0:00:05]} 43. Nc5+ {[%clk 0:00:18]} Kf7
{[%clk 0:00:05]} 44. e6+ {[%clk 0:00:19]} dxe6 45. Qf6+ {[%clk 0:00:19]} Ke8
{[%clk 0:00:07]} 46. Nxe6 {[%clk 0:00:20]} Qd6 {[%clk 0:00:08]} 47. c5
{[%clk 0:00:13]} Qd3 48. Qf8+ {[%clk 0:00:09]} Kd7 {[%clk 0:00:09]} 49. Qf6
{[%clk 0:00:07]} Qxf1+ {[%clk 0:00:10]} 0-1

[Event "Blitz Open"]
[Site "?"]
[Date "2018.08.03"]
[Round "4.9"]
[White "Ghaem Maghami, Ehsan"]
[Black "Jumabayev, Rinat"]
[Result "1-0"]
[BlackElo "2528"]
[WhiteElo "2593"]
[LiveChessVersion "1.4.8"]

1. e4 {[%clk 0:03:03]} e6 {[%clk 0:03:02]} 2. d4 {[%clk 0:03:02]} d5
{[%clk 0:03:03]} 3. Nd2 {[%clk 0:03:03]} c5 {[%clk 0:03:03]} 4. Ngf3
{[%clk 0:03:03]} cxd4 5. Nxd4 {[%clk 0:03:04]} Nf6 {[%clk 0:03:04]} 6. exd5
{[%clk 0:02:58]} a6 {[%clk 0:03:05]} 7. N2f3 {[%clk 0:02:55]} Qxd5
{[%clk 0:02:52]} 8. c4 {[%clk 0:02:52]} Qa5+ {[%clk 0:02:51]} 9. Bd2
{[%clk 0:02:52]} Qc7 {[%clk 0:02:52]} 10. Rc1 {[%clk 0:02:38]} b6
{[%clk 0:02:49]} 11. g3 {[%clk 0:02:37]} Bb7 {[%clk 0:02:49]} 12. Bg2
{[%clk 0:02:38]} Be7 {[%clk 0:02:49]} 13. O-O {[%clk 0:02:38]} O-O
{[%clk 0:02:50]} 14. Bf4 {[%clk 0:02:39]} Qc8 {[%clk 0:02:51]} 15. Qe2
{[%clk 0:02:35]} Nc6 {[%clk 0:02:47]} 16. Nb3 {[%clk 0:02:33]} Nd7
{[%clk 0:02:13]} 17. Bg5 {[%clk 0:02:21]} Nc5 {[%clk 0:02:02]} 18. Rfd1
{[%clk 0:01:56]} Nxb3 {[%clk 0:01:57]} 19. axb3 {[%clk 0:01:56]} Bc5
{[%clk 0:01:55]} 20. Be3 {[%clk 0:01:55]} Qc7 {[%clk 0:01:42]} 21. Bxc5
{[%clk 0:01:47]} bxc5 {[%clk 0:01:43]} 22. Qe3 {[%clk 0:01:48]} Qe7
{[%clk 0:01:31]} 23. Rd2 {[%clk 0:01:34]} Rad8 {[%clk 0:01:03]} 24. Rcd1
{[%clk 0:01:35]} Nb4 {[%clk 0:00:42]} 25. h4 {[%clk 0:01:27]} Nc2
{[%clk 0:00:33]} 26. Qg5 {[%clk 0:01:10]} f6 {[%clk 0:00:27]} 27. Qg4
{[%clk 0:01:02]} Bxf3 {[%clk 0:00:28]} 28. Qxf3 {[%clk 0:01:01]} Nd4
{[%clk 0:00:28]} 29. Qe3 {[%clk 0:01:02]} a5 {[%clk 0:00:29]} 30. Kh1
{[%clk 0:00:37]} Rfe8 {[%clk 0:00:27]} 31. Rd3 {[%clk 0:00:34]} Qc7
{[%clk 0:00:28]} 32. R3d2 {[%clk 0:00:24]} Kh8 {[%clk 0:00:28]} 33. Rd3
{[%clk 0:00:25]} Qb6 {[%clk 0:00:29]} 34. Qf4 {[%clk 0:00:23]} e5
{[%clk 0:00:29]} 35. Qe3 {[%clk 0:00:22]} e4 {[%clk 0:00:27]} 36. R3d2
{[%clk 0:00:22]} f5 {[%clk 0:00:28]} 37. Qc3 {[%clk 0:00:17]} Qb4
{[%clk 0:00:26]} 38. h5 {[%clk 0:00:12]} h6 {[%clk 0:00:27]} 39. Qe3
{[%clk 0:00:12]} Rb8 {[%clk 0:00:28]} 40. Qf4 {[%clk 0:00:09]} Qxb3
{[%clk 0:00:28]} 41. Bf1 {[%clk 0:00:05]} Qb6 {[%clk 0:00:26]} 42. Bg2
{[%clk 0:00:05]} Rbc8 {[%clk 0:00:20]} 43. g4 {[%clk 0:00:05]} fxg4
{[%clk 0:00:07]} 44. Qxg4 {[%clk 0:00:06]} Qe6 {[%clk 0:00:08]} 45. Qxe6
{[%clk 0:00:05]} Nxe6 {[%clk 0:00:07]} 46. Bxe4 Nd4 47. Bg2 {[%clk 0:00:05]} Re5
{[%clk 0:00:10]} 48. Kg1 {[%clk 0:00:04]} Rce8 {[%clk 0:00:10]} 49. Rd3
{[%clk 0:00:04]} Rxh5 {[%clk 0:00:11]} 50. Re3 {[%clk 0:00:05]} Rhe5
{[%clk 0:00:10]} 51. Ra1 {[%clk 0:00:04]} Rxe3 52. fxe3 {[%clk 0:00:06]} Rxe3
{[%clk 0:00:11]} 53. Rxa5 Re5 {[%clk 0:00:05]} 54. b4 {[%clk 0:00:06]} Re1+
{[%clk 0:00:06]} 55. Kf2 {[%clk 0:00:07]} Re2+ {[%clk 0:00:07]} 56. Kf1
{[%clk 0:00:08]} cxb4 {[%clk 0:00:06]} 57. Rd5 {[%clk 0:00:08]} Rd2
{[%clk 0:00:07]} 58. Be4 {[%clk 0:00:09]} g5 {[%clk 0:00:07]} 59. c5
{[%clk 0:00:10]} b3 {[%clk 0:00:04]} 60. c6 {[%clk 0:00:11]} Rd1+
{[%clk 0:00:04]} 61. Kf2 {[%clk 0:00:12]} b2 {[%clk 0:00:03]} 62. c7
{[%clk 0:00:13]} Rc1 {[%clk 0:00:04]} 63. Rd8+ {[%clk 0:00:11]} Kg7
{[%clk 0:00:05]} 64. c8=Q {[%clk 0:00:11]} Rxc8 {[%clk 0:00:06]} 65. Rxc8
{[%clk 0:00:12]} Nb3 {[%clk 0:00:04]} 66. Ke3 {[%clk 0:00:09]} Kf6
{[%clk 0:00:05]} 67. Rb8 {[%clk 0:00:09]} Na5 {[%clk 0:00:06]} 68. Kd4
{[%clk 0:00:07]} g4 {[%clk 0:00:07]} 69. Rb6+ {[%clk 0:00:08]} 1-0